000 00435nam a2200181Ia 4500
001 349
005 20260306140511.0
008 260306t2013||||xx |||||||||||||| ||spa||
041 _aESP
082 _a101
_bR47 2013
100 _aRey de Castro Esposto, José
_eAUT
245 0 _aCuaderno de trabajo de introducción a la filosofía
260 _c2013
300 _a
_c
650 _aGEN
654 _aCHU
942 _cLIB
_dJUS
_fJUS
_2ddc
_n
999 _c349
_d349